| 000 | 00532nam a22001937a 4500 | ||
|---|---|---|---|
| 003 | CEME | ||
| 005 | 20210628203050.0 | ||
| 008 | 210218b xxu||||| |||| 00| 0 eng d | ||
| 020 | _a81-7808-381-7 | ||
| 040 | _c. | ||
| 082 | _a808.66 GER | ||
| 100 |
_aGerson, Steven M, Gerson, Sharon J _963121 |
||
| 245 | _aTechnical writing,process and product | ||
| 250 | _a3RD | ||
| 260 |
_aINDIA _bPEARSON EDUCATION ASIA _c2001 |
||
| 300 | _aXVIII,492P | ||
| 650 |
_aDOCUMENT DESIGN, ELECTRONIC COMMUNICATION, _963122 |
||
| 942 |
_cBK _2ddc |
||
| 999 |
_c572046 _d572046 |
||